Основы организации микропроцессорных автоматизированных систем управления технологическими процессами электроустановок (Запись № 11528121)

Подробности
000 -МАРКЕР
контрольное поле 02081nam0a2200325 i 4500
001 - ИДЕНТИФИКАТОР ЗАПИСИ
контрольное поле RU\NLR\BIBL_A\011122195
005 - ИДЕНТИФИКАТОР ВЕРСИИ
контрольное поле 20260405102113.0
021 ## - НОМЕР ГОСУДАРСТВЕННОЙ РЕГИСТРАЦИИ
Код страны Российская Федерация
Номер 2016-34162
Номер Листа государственной регистраци 2189
035 ## - ДРУГИЕ СИСТЕМНЫЕ НОМЕРА
Идентификатор записи (NILC)RuMoRGB-008466336
035 ## - ДРУГИЕ СИСТЕМНЫЕ НОМЕРА
Идентификатор записи (NLR Aleph) 011122195
100 ## - ДАННЫЕ ОБЩЕЙ ОБРАБОТКИ
Данные общей обработки 20160512d2015 u y0rusy50 ca
101 0# - ЯЗЫК РЕСУРСА
Язык текста, звукозаписи и т.д. русский
102 ## - СТРАНА ПУБЛИКАЦИИ ИЛИ ПРОИЗВОДСТВА
Страна публикации Российская Федерация
105 ## - ПОЛЕ КОДИРОВАННЫХ ДАННЫХ: ТЕКСТОВЫЕ МАТЕРИАЛЫ, МОНОГРАФИЧЕСКИЕ
Кодированные данные о монографическом текстовом документе a|||j||||00yy
200 1# - ЗАГЛАВИЕ И СВЕДЕНИЯ ОБ ОТВЕТСТВЕННОСТИ
Основное заглавие Основы организации микропроцессорных автоматизированных систем управления технологическими процессами электроустановок
Сведения, относящиеся к заглавию учебное пособие по курсу "Основы автоматизированных систем управления электроустановок подстанций" для студентов, обучающихся по направлению "Электрические станции"
Первые сведения об ответственности А. В. Трофимов, А. М. Поляков
Последующие сведения об ответственности М-во образования и науки Рос. Федерации, Нац. исслед. ун-т "МЭИ"
210 ## - ПУБЛИКАЦИЯ, РАСПРОСТРАНЕНИЕ И ДР.
Место издания, распространения и т.д. Москва
Имя издателя, распространителя и т. д. Изд-во МЭИ
Дата издания, распространения и т.д. 2015
215 ## - ФИЗИЧЕСКАЯ ХАРАКТЕРИСТИКА
Специфическое обозначение материала и объем 127 с.
Другие сведения о физической характеристике ил.
Размеры 20
320 ## - ПРИМЕЧАНИЯ О НАЛИЧИИ В ДОКУМЕНТЕ БИБЛИОГРАФИИ / УКАЗАТЕЛЯ
Текст примечания Библиогр.: с. 124-125 (11 назв.)
606 1# - НАИМЕНОВАНИЕ ТЕМЫ КАК ПРЕДМЕТ
Наименование темы Электрические установки
Формальный подзаголовок Учебные издания для высших учебных заведений
Тематический подзаголовок Автоматическое управление
Системный номер авторитетной/нормативной записи 2543069
Идентификатор авторитетной/нормативной записи RU\NLR\AUTH\661505379
606 ## - НАИМЕНОВАНИЕ ТЕМЫ КАК ПРЕДМЕТ
Наименование темы САУ микропроцессорные
Формальный подзаголовок Учебные издания для высших учебных заведений
Системный номер авторитетной/нормативной записи 2160354
Идентификатор авторитетной/нормативной записи RU\NLR\AUTH\661300178
675 ## - УНИВЕРСАЛЬНАЯ ДЕСЯТИЧНАЯ КЛАССИФИКАЦИЯ (UDC/УДК)
Индекс 621.31
686 1# - ИНДЕКСЫ ДРУГИХ КЛАССИФИКАЦИЙ
Индекс З29-5-05я73-1
700 #1 - ИМЯ ЛИЦА - ПЕРВИЧНАЯ ОТВЕТСТВЕННОСТЬ
Начальный элемент ввода Трофимов
Часть имени, кроме начального элемента ввода А. В.
Расширение инициалов личного имени Алексей Валентинович
701 #1 - ИМЯ ЛИЦА - АЛЬТЕРНАТИВНАЯ ОТВЕТСТВЕННОСТЬ
Графика поля Кириллица
Материалы, к которым относится поле rus
Начальный элемент ввода Поляков
Часть имени, кроме начального элемента ввода А. М.
Дополнения к именам, кроме дат канд. техн. наук
Расширение инициалов личного имени Александр Михайлович
Системный номер авторитетной/нормативной записи 20855
Идентификатор авторитетной/нормативной записи RU\NLR\AUTH\7737867
801 #0 - ИСТОЧНИК ЗАПИСИ
Страна Российская Федерация
Организация РГБ
Дата составления 20160422
Правила каталогизации RCR
942 ## - ДОПОЛНИТЕЛЬНЫЕ ЭЛЕМЕНТЫ ЗАПИСИ (АБИС)
Тип экземпляра АБИС Книга
980 ## - КОЛЛЕКЦИЯ
Название коллекции НБР

Нет доступных экземпляров.